| 000 | 00705cam a2200193 4500 | ||
|---|---|---|---|
| 001 | WB3623-06 | ||
| 008 | 000000n2000 000 0 eng u | ||
| 035 | _a(Sirsi) u106444 | ||
| 245 | 4 | _aThe Return of the risk factor | |
| 260 | _c2000 | ||
| 490 |
_aFinancial Times _v 9 June 2000, 36(2) |
||
| 520 | _aAnalysis of the property market in the context of the figures showing total lending to UK markets reached £65bn at the end of 1999. This is a 16% rise on the previous year. + chart | ||
| 590 | _aWB | ||
| 650 | _aPROPERTY MARKET ANALYSIS | ||
| 650 | _aPROPERTY COMPANIES | ||
| 650 | _aLENDERS | ||
| 690 | _aPROPERTY-COMMERCIAL PROPERTY-COMMERCIAL PROPERTY FINANCE AND INVESTMENT | ||
| 942 | _n0 | ||
| 999 |
_c63757 _d63757 |
||